Sociologías de la Vida Cotidiana /

Estudio de la producción de la sociedad, entendida como el resultado de prácticas realizadas y aplicadas por los sujetos. Wolf intenta individualizar y esclarecer cúales son esas prácticas a nivel de la vida cotidiana, donde se producen sin esfuerzo y sin atención. Las orientaciones teóricas que guí...

Descripció completa

Guardat en:
Dades bibliogràfiques
Autor principal: Wolf, Mauro (autor)
Format: Llibre
Idioma:espanyol
Edició:2a edición
Col·lecció:(Teorema)
Matèries:
Etiquetes: Afegir etiqueta
Sense etiquetes, Sigues el primer a etiquetar aquest registre!

MARC

LEADER 00000nam^a2200000^a^4500
001 000027843
005 20250521000000.0
009 20260310084823.529
020 |a 84-376-0333-1 
037 |a Acervo ITESO - Biblioteca 
041 |a ESP 
082 |a 301. 01  |b WOL 
100 |a Wolf, Mauro  |e (autor) 
245 1 0 |a Sociologías de la Vida Cotidiana /  |c M. Wolf; pról. de: Jorge Lozano. 
250 |a 2a edición 
264 |a Madrid, España :  |b Cátedra,  |c 1988 
300 |a 223 p. 
336 |a texto  |b txt  |2 rdacontenido 
337 |a sin mediación  |b n  |2 rdamedio 
338 |a volumen  |b nc  |2 rdasoporte 
440 1 |a (Teorema) 
520 |a Estudio de la producción de la sociedad, entendida como el resultado de prácticas realizadas y aplicadas por los sujetos. Wolf intenta individualizar y esclarecer cúales son esas prácticas a nivel de la vida cotidiana, donde se producen sin esfuerzo y sin atención. Las orientaciones teóricas que guían el trabajo son: la sociología de E. Goffman, la etnometodología y los estudios conversacionalistas, es decir aquellos que analizan las conversaciones como lugar de ejecución de competencias Sociales. 
649 |a XX 
650 |a Sociología 
650 |a Vida Cotidiana -  |x Teoría 
910 |a Fondo General 
920 |a Impresos - Libros 
930 |a Colección General 
905 |a 101 
901 |a 0278430100  |b IT1  |c ACC  |i 027843  |u 20250521 
902 |a https://opac.biblio.iteso.mx/vufind/Record/000027843